000 00785nam a2200265Ia 4500
001 Para_4582
003 CHAP
008 220125s1940 xx 000 0 und d
010 _a203063
040 _cCHAP
090 _aPA FOLLETO 1920
100 _aThomas, C. A.
_9112813
245 _aThe biology and control of wireworms :
_b review of the literature /
_c C. A. Thomas
260 _aUniversity Park, Penn. :
_b Agriculture Experiment Station
300 _a90 p.
440 _aPennsylvania Agr. Exp. Sta. Bull; 392
_9168652
650 _aElateridae Control de plagas
_9168653
901 _aPA FOLLETO 1920
902 _aA
905 _a0000001940 UNI 0000000000 00
910 _a1940
942 _cPARA
942 _cPARA
_d1
999 _c203063
_d203063